000 00250nam a22001217a 4500
082 _a823
_bBUN/T
100 _aBUNYAN,JOHN
245 _aTHE PILGRIM'S PROGRESS
260 _bBPI INDIA PVT.LTD.
_c2018
300 _a298
650 _aSTORY
942 _cBK
999 _c7214
_d7214